000 00516nam a22002057a 4500
005 20260424153525.0
008 260424b |||||||| |||| 00| 0 eng d
037 _cDSWL
040 _aDSWL
_cDSWL
041 _heng
084 _aY:1v Q8
100 _aEhrenberg, John
_91235697
245 _aCivil society
250 _a2nd
260 _aNew Delhi,
_bSage Publication,
_c2018
300 _a331p
365 _aINR
_b750
942 _2CC
_cTEXL
_hY:1v Q8
_n0
999 _c1848533
_d1848533